000 01747nam a2200253Ia 4500
003 Ost
005 20260507075733.0
008 260507s9999||||xx |||||||||||||| ||und||
020 _a9772237865
040 _cfsecg
041 _aara
082 _a330
100 _aالمنوفي، كمال
_eمؤلف
245 0 _aاستراتيجيات التنمية الافريقية في ظل الليبرالية الجديدة :
_bآفاق الشراكة الجديدة من أجل التنمية في افريقيا /
_c كمال المنوفي
260 _aالقاهرة:
_bمركز دراسات وبحوث الدول النامية,
_c2003
300 _a228 صفحة؛
_bإيضاحات ؛
_c24 سم
504 _aالهوامش ص.217 إصدارات المركز ص.225
520 _aإدارة التنمية الافريقية،التحدي الكامن في الشراكة الجديدة لتنمية افريقيا،نيباد واستراتيجية التنمية الافريقية عرض نقدي لبعض القضايا الرئيسية،الموارد البشرية والتنمية الافريقية ومبادرة نيباد،الإتحاد الأوروبي ودعم التنمية الافريقية في ظل اتفاقية كوتونو ومبادرة النيباد،التعاون العربي الافريقي من أجل التنمية في أفريقيا،أوروبا ودعم التنمية في افريقيا،دراسة في الموقف الأوروبي تجاه الأبعاد السياسية للتنمية الإفريقية
653 _aإفريقيا
653 _aالتنمية
653 _aالليبرالية
700 _aمصطفى، كامل السيد
_eمؤلف ثانوي
942 _cكتاب
999 _c46061
_d46061